Statistiken für Sabbat 1

Klicken Sie hier um das Quiz zu spielen!

Allgemein

  • Dieses Quiz wurde 6 mal gespielt
  • Das Durchschnittsergebnis liegt bei 11 aus 16

Antwortstatistiken

VersErgänzung% Korrekt
deinemGott, geweiht.
100%
ist einRuhetag, dem Herrn,
100%
10DersiebteTag
100%
9SechsTagedarfst du schaffen
100%
und jedeArbeittun.
75%
An ihm darfst du keine Arbeit tun:Du, dein Sohn und
75%
Halte ihnheilig!
75%
und ihn fürheiligerklärt.
75%
am siebten Tagruhteer.
75%
8Gedenke desSabbats:
75%
deineTochter, dein Sklave und deine
75%
und alles, wasdazugehört;
50%
Sklavin, dein Vieh und derFremde, der in
50%
11Denn in sechs Tagen hat der HerrHimmel, Erde und Meer gemacht
25%
Darum hat der Herr denSabbattaggesegnet
25%
deinen StadtbereichenWohnrechthat.
25%

Verteilung der Resultate

Perzentil nach korrekt beantworteten Fragen

Anzahl Personen mit jedem Resultat

Ihre Resultats-Entwicklung

Sie haben dieses Quiz noch nicht gespielt